| 000 | 01627cam a22003258a 4500 | ||
|---|---|---|---|
| 001 | 16095568 | ||
| 005 | 20100219101541.0 | ||
| 008 | 100217s2010 nju |rb 001 0 eng | ||
| 010 | _a 2010006840 | ||
| 020 | _a0132079631 | ||
| 020 | _a9780132079631 | ||
| 040 |
_aDLC _cDLC |
||
| 050 | 0 | 0 |
_aHB172.5 _b.B573 2010 |
| 082 | 0 | 0 |
_a339 _222 _bBLA |
| 100 | 1 |
_aBlanchard, Olivier _q(Olivier J.) _912845 |
|
| 245 | 1 | 0 |
_aMacroeconomics / _cOlivier Blanchard. |
| 250 | _a5th ed. | ||
| 260 |
_aUpper Saddle River, N.J. : _bPearson Prentice Hall, 2009 _c2009 |
||
| 263 | _a1003 | ||
| 300 |
_a649 p.: _bill.(some col.); _c25 cm. |
||
| 504 | _aIncludes bibliographical references and index. | ||
| 650 | 0 |
_aMacroeconomics. _912846 |
|
| 942 |
_2ddc _cNB |
||
| 999 |
_c13718 _d13718 |
||